Jardinería para su hogar : cultive sus plantas sanas sin afectar el medio ambiente /

Guardado en:
Autor Principal: Schaer, Mariela, 1992.
Formato: Libro
Idioma:Undetermined
Publicado: Buenos Aires : Lidium, 1992.
Edición:1era ed.
Series:Los libros de Utilisima
Materias:
Etiquetas: Agregar Etiqueta
Sin Etiquetas, Sea el primero en etiquetar este registro!
LEADER 01003nam a22002295a 4500
001 CEM.cems025252
008 260701s1992####ag#a##########000#0#und#d
005 20260701113900.0
245 1 0 |a Jardinería para su hogar :  |b cultive sus plantas sanas sin afectar el medio ambiente /  |c Mariela Schaer. 
250 |a 1era ed. 
260 |a Buenos Aires :  |b Lidium,  |c 1992. 
300 |a 141 p. :  |b il. ;  |c 20 cm. 
490 1 |a Los libros de Utilisima 
505 0 |a Partes de la plata -- El suelo -- Química del suelo -- Fertilizantes -- Plagas -- Enfermedades -- Herramienta de cuidados de las plantas -- Los filodrendos -- Las peperomias -- Palmeras -- Helechos -- Transplante -- La pode -- Césped -- Plantas bulbosas -- Plantas trepadoras -- Coníferas -- 
020 |a 9505246420 
100 1 |a Schaer, Mariela,  |d 1992. 
082 0 4 |a 635.982 
653 |a Jardinería 
653 |a Suelo 
653 |a Fertilizantes 
653 |a Química del suelo 
859 |a CEMS  |b BIB. CEMS - Agricultura  |h 635.982  |i Sch139  |p A3040.18  |t Ej.1